[Event "33. Münsterland Open"]
[Site "Senden"]
[Date "2015.10.16"]
[Round "8.5"]
[White "Schmitzer, Klaus"]
[Black "Torres-Kuckel, Rafael"]
[Result "1-0"]
[WhiteElo "2264"]
[BlackElo "2225"]
[PlyCount "97"]
[EventDate "2015.??.??"]
[WhiteTeam "Bad Vilbeler Sfr"]
[BlackTeam "SV Ahlen"]

1. e4 c5 2. Nf3 a6 3. d4 cxd4 4. Nxd4 e5 5. Nf3 Nc6 6. Bc4 d6 7. h3 Be7 8. Nc3
Nf6 9. Be3 O-O 10. Qd2 b5 11. Bd5 Bb7 12. g4 Rc8 13. O-O-O Qc7 14. g5 b4 15.
gxf6 bxc3 16. Qxc3 Bxf6 17. a3 Qd7 18. Qd2 Ne7 19. Bxb7 Qxb7 20. Qb4 Qc6 21.
Rd2 d5 22. exd5 Nxd5 23. Qe4 Nxe3 24. Qxc6 Rxc6 25. fxe3 e4 26. Nd4 Rc5 27. Nb3
Rf5 28. Rd6 Ra8 29. Nd4 Rg5 30. b4 Rg3 31. Nf5 Rf3 32. Rd5 Bg5 33. h4 Bxe3+ 34.
Nxe3 Rxe3 35. Rhd1 g6 36. a4 Kg7 37. Rd7 Rf3 38. Re7 Rf4 39. Rdd7 Rc8 40. b5
axb5 41. axb5 Kf8 42. b6 Rf1+ 43. Kd2 Rf2+ 44. Kd1 Ra8 45. Ke1 Rxc2 46. Rxf7+
Ke8 47. Rfe7+ Kf8 48. Rxh7 Ke8 49. Ra7 1-0

[Event "33. Münsterland Open"]
[Site "Senden"]
[Date "2015.10.16"]
[Round "8.6"]
[White "Tugstumur, Yesuntumur"]
[Black "Huhndorf, Arnold"]
[Result "0-1"]
[WhiteElo "1960"]
[BlackElo "2255"]
[PlyCount "116"]
[EventDate "2015.??.??"]
[BlackTeam "SV Würselen"]

1. d4 Nf6 2. Nf3 g6 3. g3 Bg7 4. Bg2 c5 5. c4 O-O 6. Nc3 cxd4 7. Nxd4 Nc6 8.
O-O Qa5 9. Nc2 d6 10. Bd2 Qh5 11. e4 Qxd1 12. Raxd1 Bg4 13. f3 Bd7 14. Be3 Rfc8
15. Na3 Kf8 16. Ne2 Ke8 17. Nd4 Nb4 18. Ndb5 Bxb5 19. cxb5 Nd7 20. Bd4 Bxd4+
21. Rxd4 Nxa2 22. Nc4 Nb6 23. Na5 Rc2 24. Rf2 Rac8 25. Rdd2 Rxd2 26. Rxd2 Nb4
27. Nxb7 Rc1+ 28. Bf1 Nc4 29. Re2 Nc2 30. Kf2 Nd4 31. b3 Nxe2 32. bxc4 Nd4 33.
Bd3 Rc3 34. Bf1 Rxf3+ 35. Kg2 Rc3 36. e5 dxe5 37. c5 Rc2+ 38. Kh3 e4 39. b6
axb6 40. cxb6 Rb2 41. Nc5 e3 42. Nd3 Rxb6 43. Nf4 Rb2 44. Kg4 e2 45. Bxe2 Nxe2
46. Nxe2 Rxe2 47. h4 Rf2 48. h5 e5 49. hxg6 hxg6 50. Kh3 e4 51. g4 e3 52. Kg3
Rf6 53. g5 Rf5 54. Kh3 e2 55. Kg2 e1=Q 56. Kh3 Rf3+ 57. Kh2 Qg3+ 58. Kh1 Rf1#
0-1

[Event "33. Münsterland Open"]
[Site "Senden"]
[Date "2015.10.16"]
[Round "8.7"]
[White "Beutelhoff, Josef"]
[Black "Gebhardt, Ulrich"]
[Result "1-0"]
[WhiteElo "2121"]
[BlackElo "2170"]
[PlyCount "113"]
[EventDate "2015.??.??"]
[WhiteTeam "SF Olfen"]
[BlackTeam "SK Ettlingen"]

1. d4 Nf6 2. c4 e6 3. Nf3 d5 4. Nc3 Nbd7 5. cxd5 exd5 6. Bf4 c6 7. e3 Be7 8. h3
O-O 9. Bd3 Re8 10. Qc2 Nf8 11. O-O Ng6 12. Bh2 Bd6 13. Rab1 Bxh2+ 14. Kxh2 a5
15. a3 Qe7 16. Na4 Ne4 17. Bxe4 dxe4 18. Nd2 f5 19. g3 Be6 20. Qc5 Qf7 21. Nb6
Ra6 22. b3 Qc7 23. Ndc4 Nh4 24. d5 Nf3+ 25. Kg2 Bf7 26. Rfd1 Ne5 27. d6 Qd8 28.
Nxe5 Qxb6 29. b4 axb4 30. axb4 Qxc5 31. bxc5 Ra7 32. Nd7 Bc4 33. Nb6 Bd3 34.
Ra1 Rxa1 35. Rxa1 Ba6 36. d7 Rd8 37. Ra4 Kf7 38. g4 fxg4 39. hxg4 Bd3 40. Kg3
Ke7 41. Rd4 Bc2 42. Nc8+ Ke6 43. Nb6 Ke7 44. Rc4 Bd3 45. Rd4 Bc2 46. Kf4 Rf8+
47. Ke5 g6 48. Rd6 Kd8 49. Rd2 Bd3 50. Ra2 Kc7 51. Ke6 Ba6 52. Ke7 Rd8 53. g5
h6 54. gxh6 Rh8 55. Ra4 Rh7+ 56. Kf6 Rxh6 57. Rxe4 1-0

[Event "33. Münsterland Open"]
[Site "Senden"]
[Date "2015.10.16"]
[Round "8.8"]
[White "Busche, Klaus"]
[Black "Terhuven, Patrick"]
[Result "0-1"]
[WhiteElo "2045"]
[BlackElo "2138"]
[PlyCount "98"]
[EventDate "2015.??.??"]
[WhiteTeam "SV Ahlen"]
[BlackTeam "Krefelder SK Turm"]

1. d4 d5 2. Nf3 Nf6 3. e3 c5 4. Bd3 c4 5. Be2 Nc6 6. O-O Bf5 7. c3 e6 8. b3 b5
9. bxc4 bxc4 10. Qa4 Rc8 11. Ba3 Qa5 12. Qxa5 Nxa5 13. Bd1 Bxa3 14. Ba4+ Ke7
15. Nxa3 Rb8 16. Rfc1 Ne4 17. Ne1 Rb2 18. f3 Nf2 19. Nec2 Nd3 20. Rf1 Rhb8 21.
Ne1 Re2 22. Nxd3 cxd3 23. Bd1 Rd2 24. Nb1 Rdb2 25. Na3 Nc4 26. Nxc4 dxc4 27. e4
Bg6 28. Ba4 f6 29. Rf2 Rxf2 30. Kxf2 Rb2+ 31. Kg3 Be8 32. Bd1 Kd6 33. Kh3 g5
34. Kg3 Kc7 35. h3 Kd6 36. Kh2 f5 37. e5+ Kc7 38. Kg1 f4 39. Kf1 Bc6 40. Kg1
Kd8 41. Kf1 Ke7 42. Kg1 Kf7 43. Kf1 Kg6 44. Kg1 Kh5 45. Kh2 Kh4 46. Kh1 Kg3 47.
Bb3 cxb3 48. axb3 Rxg2 49. c4 Bxf3 0-1

[Event "33. Münsterland Open"]
[Site "Senden"]
[Date "2015.10.16"]
[Round "8.9"]
[White "Ballon, Günther Jan"]
[Black "Müller, Martin"]
[Result "1/2-1/2"]
[WhiteElo "2018"]
[BlackElo "2130"]
[PlyCount "61"]
[EventDate "2015.??.??"]
[WhiteTeam "Caissa Amsterdam"]
[BlackTeam "SV Unser Fritz"]

1. d4 f5 2. e4 fxe4 3. Nc3 Nf6 4. Bg5 Nc6 5. d5 Ne5 6. Qe2 c6 7. Bxf6 gxf6 8.
Qxe4 cxd5 9. Qxd5 e6 10. Qd4 Qa5 11. O-O-O a6 12. Ne4 f5 13. f4 fxe4 14. Qxe5
Qxe5 15. fxe5 b5 16. g3 Bb7 17. Bg2 Bg7 18. Re1 Rf8 19. Nh3 Bxe5 20. Bxe4 Bxe4
21. Rxe4 Bg7 22. c3 Rc8 23. a3 a5 24. Rhe1 Rf5 25. R1e2 Rh5 26. Nf4 Bh6 27. Kc2
Bxf4 28. Rxf4 Rc4 29. Rxc4 bxc4 30. b3 cxb3+ 31. Kxb3 1/2-1/2

[Event "33. Münsterland Open"]
[Site "Senden"]
[Date "2015.10.16"]
[Round "8.10"]
[White "Volesky, Alexander"]
[Black "Kammers, Heribert"]
[Result "0-1"]
[WhiteElo "1983"]
[BlackElo "2123"]
[PlyCount "40"]
[EventDate "2015.??.??"]
[WhiteTeam "SV Ahlen"]
[BlackTeam "SK Münster"]

1. e4 e6 2. d4 d5 3. Nc3 Nf6 4. e5 Nfd7 5. f4 c5 6. Nce2 Nc6 7. c3 Qb6 8. Nf3
f6 9. a3 c4 10. g3 Be7 11. Bh3 Nf8 12. O-O f5 13. g4 g6 14. Kh1 Bd7 15. Ng3
O-O-O 16. Qe2 fxg4 17. Bxg4 h5 18. Ng5 Bxg5 19. fxg5 hxg4 20. Qxg4 Ne7 0-1

[Event "33. Münsterland Open"]
[Site "Senden"]
[Date "2015.10.17"]
[Round "9.1"]
[White "Kantans, Toms"]
[Black "Beutelhoff, Josef"]
[Result "1-0"]
[WhiteElo "2504"]
[BlackElo "2121"]
[PlyCount "31"]
[EventDate "2015.??.??"]
[WhiteTeam "SG Speyer-Schwegenheim"]
[BlackTeam "SF Olfen"]

1. e4 e6 2. d4 d5 3. Nc3 Bb4 4. e5 b6 5. Qg4 Bf8 6. Bg5 Qd7 7. f4 Ba6 8. Bxa6
Nxa6 9. O-O-O c5 10. dxc5 bxc5 11. f5 Qc6 12. fxe6 fxe6 13. Nge2 g6 14. Rhf1
Bg7 15. Qf4 Qb7 16. Qa4+ 1-0

[Event "33. Münsterland Open"]
[Site "Senden"]
[Date "2015.10.17"]
[Round "9.2"]
[White "Huhndorf, Arnold"]
[Black "Zubarev, Alexander"]
[Result "0-1"]
[WhiteElo "2255"]
[BlackElo "2542"]
[PlyCount "90"]
[EventDate "2015.??.??"]
[WhiteTeam "SV Würselen"]
[BlackTeam "SC Siegburg"]

1. d4 Nf6 2. c4 g6 3. Nc3 d5 4. cxd5 Nxd5 5. e4 Nxc3 6. bxc3 Bg7 7. Nf3 O-O 8.
Be2 c5 9. O-O b6 10. Bg5 Bb7 11. Qd3 Nd7 12. Rac1 Qc7 13. d5 e6 14. c4 Ne5 15.
Nxe5 Bxe5 16. f4 Bd4+ 17. Kh1 f5 18. e5 Qd7 19. d6 a6 20. Bf3 b5 21. Bxb7 Qxb7
22. a3 Rab8 23. Rb1 Qc6 24. Rfc1 Qd7 25. Rb3 Rb7 26. Rcb1 Rfb8 27. Be7 bxc4 28.
Qxc4 Kf7 29. a4 Qc6 30. Bf6 Qe4 31. Rxb7+ Rxb7 32. Rxb7+ Qxb7 33. Qf1 Ke8 34.
h3 Qb4 35. Kh2 Qb7 36. Qc4 Kd7 37. Bg5 Qb1 38. Qe2 Qg1+ 39. Kg3 Qa1 40. Kh4
Qxa4 41. Bh6 Qb5 42. Qf3 Qc6 43. Qg3 Qa8 44. Bg7 Qd8+ 45. Bf6 Qxf6+ 0-1

[Event "33. Münsterland Open"]
[Site "Senden"]
[Date "2015.10.17"]
[Round "9.3"]
[White "Podzielny, Karl-Heinz"]
[Black "Holtel, Jasper"]
[Result "1/2-1/2"]
[WhiteElo "2409"]
[BlackElo "2316"]
[PlyCount "103"]
[EventDate "2015.??.??"]
[WhiteTeam "SV Letmathe"]
[BlackTeam "SK Münster"]

1. c4 Nf6 2. Nc3 d5 3. cxd5 Nxd5 4. Nf3 g6 5. h4 Bg7 6. h5 Nc6 7. h6 Bf6 8. Ne4
Bf5 9. Nxf6+ Nxf6 10. d3 O-O 11. g3 e5 12. Bg5 Qd6 13. Nd2 Nd4 14. Rc1 Nd7 15.
Bg2 Bg4 16. f3 Be6 17. Be3 c5 18. Ne4 Qb6 19. Qd2 Bxa2 20. b4 Qxb4 21. Nxc5
Qxd2+ 22. Bxd2 Nxc5 23. Rxc5 Rfe8 24. Ra5 Bb3 25. e3 Nc6 26. Rb5 Bc2 27. Rxb7
Bxd3 28. f4 e4 29. Kf2 Rab8 30. Rxb8 Rxb8 31. Bc3 f5 32. Rc1 Ne7 33. Bd4 Rc8
34. Ra1 Nc6 35. Bc3 Kf7 36. Bh3 Ne7 37. Ra3 a6 38. g4 fxg4 39. Bxg4 Rc7 40. Rb3
Nf5 41. Bxf5 gxf5 42. Kg3 Bb5 43. Kh4 Kg6 44. Bg7 Rc1 45. Rb2 Rh1+ 46. Kg3 Rg1+
47. Kh2 Re1 48. Rg2+ Kf7 49. Rg5 Ke6 50. Bd4 Re2+ 51. Kg3 Re1 52. Kh2 1/2-1/2

[Event "33. Münsterland Open"]
[Site "?"]
[Date "2015.10.17"]
[Round "9.4"]
[White "Schleining, Zoya"]
[Black "Schmitzer, Klaus"]
[Result "1-0"]
[WhiteElo "2363"]
[BlackElo "2264"]
[PlyCount "106"]

1. Nf3 e6 2. c4 b6 3. e4 Bb7 4. Nc3 Bb4 5. Bd3 Ne7 6. O-O O-O 7. Re1 f5 8. e5
Ng6 9. a3 Be7 10. Be2 c5 11. b4 Nc6 12. Rb1 cxb4 13. axb4 Bxb4 14. Na2 Be7 15.
d4 Rc8 16. c5 Ba8 17. cxb6 axb6 18. d5 exd5 19. Qxd5+ Kh8 20. Qb3 Bc5 21. Bb2
Na5 22. Qd1 Nf4 23. Ba6 Rb8 24. Nc3 Qe8 25. Bc1 Ne6 26. Bb5 Nc6 27. Be2 Ncd4
28. Be3 Nxe2+ 29. Qxe2 f4 30. Bxc5 bxc5 31. Rxb8 Qxb8 32. Ne4 Qb4 33. Neg5 h6
34. Nxe6 dxe6 35. Nh4 f3 36. Nxf3 Rxf3 37. gxf3 Bxf3 38. Qxf3 Qxe1+ 39. Kg2
Qxe5 40. Qf8+ Kh7 41. h4 Qe4+ 42. Kf1 c4 43. Qc8 h5 44. Qc7 Qxh4 45. f4 Qh3+
46. Kf2 Qd3 47. Qc5 Qd5 48. Qc7 h4 49. Qe7 Qd2+ 50. Kf3 Qd3+ 51. Kg4 Qg3+ 52.
Kh5 Qg6+ 53. Kxh4 Qf6+ 1-0

[Event "33. Münsterland Open"]
[Site "Senden"]
[Date "2015.10.17"]
[Round "9.5"]
[White "Schuh, Dirk"]
[Black "Terhuven, Patrick"]
[Result "1-0"]
[WhiteElo "2360"]
[BlackElo "2138"]
[PlyCount "75"]
[EventDate "2015.??.??"]
[WhiteTeam "Düsseldorfer SK"]
[BlackTeam "Krefelder SK Turm"]

1. e4 e5 2. Nf3 Nc6 3. Bc4 Bc5 4. c3 Nf6 5. d3 a6 6. O-O d6 7. Bb3 Ba7 8. h3 h6
9. Re1 g5 10. Be3 g4 11. hxg4 Bxg4 12. Bxa7 Rxa7 13. d4 Nh5 14. Bd5 Qf6 15.
Bxc6+ bxc6 16. dxe5 dxe5 17. Re3 Nf4 18. Qb3 O-O 19. Nbd2 Kh8 20. Qc4 Rg8 21.
g3 Raa8 22. Kh2 Rad8 23. Rh1 Nh3 24. Qf1 Ng5 25. Kg2 Rd6 26. Nxg5 Qxg5 27. Nf3
Bxf3+ 28. Rxf3 Qg4 29. Qe2 Rgd8 30. Qe3 Kg7 31. Rf5 Rg6 32. Rxe5 Rdd6 33. Rf5
Rde6 34. Qf3 Qxf3+ 35. Kxf3 Rd6 36. Ke2 Rg5 37. Rh5 f6 38. Rhxg5+ 1-0

[Event "33. Münsterland Open"]
[Site "Senden"]
[Date "2015.10.17"]
[Round "9.7"]
[White "Torres-Kuckel, Rafael"]
[Black "Böhm, Malte"]
[Result "1-0"]
[WhiteElo "2225"]
[BlackElo "2063"]
[PlyCount "131"]
[EventDate "2015.??.??"]
[WhiteTeam "SV Ahlen"]
[BlackTeam "SF Brackel"]

1. e4 c5 2. Nf3 d6 3. Bc4 Nf6 4. d3 e6 5. Bb3 Be7 6. c3 O-O 7. O-O Nc6 8. Re1
b6 9. d4 cxd4 10. cxd4 e5 11. h3 h6 12. Nc3 a6 13. Be3 b5 14. a3 Bb7 15. Nd5
Nxd5 16. exd5 Nxd4 17. Bxd4 exd4 18. Nxd4 Bf6 19. Qd2 Re8 20. Rad1 Bxd4 21.
Qxd4 Qg5 22. Re4 Rxe4 23. Qxe4 Qe5 24. Qxe5 dxe5 25. Re1 Rd8 26. Rxe5 Kf8 27.
f3 f6 28. Re2 Rd7 29. Rd2 Ke7 30. Kf2 Kd6 31. Ke3 Re7+ 32. Kd4 f5 33. g3 Re5
34. f4 Re4+ 35. Kd3 Re1 36. Re2 Rxe2 37. Kxe2 Bxd5 38. Bc2 Be6 39. b4 Bd7 40.
Ke3 Be6 41. Kd4 Bd7 42. Bd1 Bc6 43. Bh5 Bg2 44. h4 Bc6 45. Bf7 Bb7 46. Be8 Bc8
47. a4 bxa4 48. Bxa4 Be6 49. Bd1 Bd7 50. Bf3 Bc6 51. Bh5 Ba4 52. Bf7 Bc6 53.
Bb3 Bf3 54. Bc2 g6 55. Bd3 Bb7 56. h5 gxh5 57. Bxf5 Bc6 58. Be4 Bb5 59. Bf3 h4
60. gxh4 Ke6 61. Be4 Kf6 62. Ke3 Bd7 63. Bd3 Bc8 64. Kd4 Ke6 65. Kc5 Kf6 66.
Kb6 1-0

[Event "33. Münsterland Open"]
[Site "Senden"]
[Date "2015.10.17"]
[Round "9.8"]
[White "Hecht, Carsten"]
[Black "Ballon, Günther Jan"]
[Result "1-0"]
[WhiteElo "2176"]
[BlackElo "2018"]
[PlyCount "41"]
[EventDate "2015.??.??"]
[WhiteTeam "LSV Turm Lippstadt"]
[BlackTeam "Caissa Amsterdam"]

1. e4 c5 2. Nf3 e6 3. d4 cxd4 4. Nxd4 a6 5. Bd3 Nc6 6. Nxc6 dxc6 7. O-O e5 8.
Nd2 Be6 9. a4 Ne7 10. Nc4 Bxc4 11. Bxc4 Qxd1 12. Rxd1 Nc8 13. Be3 Bd6 14. Rd3
Ke7 15. a5 Rd8 16. Rad1 f6 17. Bc5 Rb8 18. b4 Ra8 19. c3 Rb8 20. R3d2 Ra8 21.
Be2 1-0

[Event "33. Münsterland Open"]
[Site "Senden"]
[Date "2015.10.17"]
[Round "9.9"]
[White "Müller, Martin"]
[Black "Wetterau, Georg"]
[Result "1-0"]
[WhiteElo "2130"]
[BlackElo "2008"]
[PlyCount "124"]
[EventDate "2015.??.??"]
[WhiteTeam "SV Unser Fritz"]
[BlackTeam "SK Königsspringer Nordwalde"]

1. e4 e5 2. Nf3 Nc6 3. d4 exd4 4. Bc4 Nf6 5. e5 d5 6. Bb5 Ne4 7. Nxd4 Bc5 8.
Be3 O-O 9. Nxc6 bxc6 10. Bxc5 Nxc5 11. Bxc6 Rb8 12. O-O Be6 13. Qd4 Na6 14. Na3
Nb4 15. Ba4 Qe7 16. c3 c5 17. Qd2 Na6 18. Qe2 c4 19. Rab1 Bf5 20. Bc2 Bxc2 21.
Nxc2 Nc5 22. Nd4 Rb6 23. f4 Nd3 24. b4 a6 25. Rf3 Qh4 26. Rbf1 Rh6 27. g3 Qg4
28. Re3 Qxe2 29. Rxe2 Re8 30. a4 Rb6 31. Ra2 g6 32. Kg2 h6 33. Kf3 h5 34. a5
Rbb8 35. Rg1 Kg7 36. Re2 Rb7 37. h4 Ra7 38. g4 Rh8 39. f5 hxg4+ 40. Rxg4 Rh5
41. Kg3 Kh7 42. fxg6+ fxg6 43. Rg5 Kg7 44. e6 Kf6 45. Re3 Rhh7 46. Rxd5 Rae7
47. Rd6 g5 48. hxg5+ Kxg5 49. Rd5+ Kf6 50. Rf5+ Kg6 51. Ref3 Reg7 52. Rf1 Rh6
53. Rf7 Rg8 54. Rf8 Rg7 55. R1f7 Rxf7 56. Rxf7 Rh5 57. Rf8 Re5 58. b5 Nc5 59.
b6 Nb7 60. Kf4 Re1 61. Rb8 Nxa5 62. b7 Rf1+ 1-0

[Event "33. Münsterland Open"]
[Site "Senden"]
[Date "2015.10.17"]
[Round "9.10"]
[White "Virnyi, Julius"]
[Black "Tugstumur, Yesuntumur"]
[Result "1/2-1/2"]
[WhiteElo "2100"]
[BlackElo "1960"]
[PlyCount "154"]
[EventDate "2015.??.??"]
[WhiteTeam "SK Münster"]

1. d4 Nf6 2. c4 c5 3. d5 b5 4. cxb5 a6 5. bxa6 g6 6. Nc3 Bxa6 7. e4 Bxf1 8.
Kxf1 d6 9. g3 Bg7 10. Kg2 Nbd7 11. Nf3 O-O 12. Qe2 Qb6 13. a4 Qb4 14. Re1 Nb6
15. Qc2 Nfd7 16. Bg5 Nc4 17. Nd1 h6 18. Bd2 Nxd2 19. Nxd2 Rfb8 20. Ra2 c4 21.
Re3 Ne5 22. f4 Nd3 23. Kf1 Bd4 24. Re2 Rc8 25. Nf3 Bg7 26. Qd2 Rxa4 27. Rxa4
Qxa4 28. Qc2 Qb3 29. Kg2 Rb8 30. e5 dxe5 31. fxe5 g5 32. h3 h5 33. Qd2 g4 34.
hxg4 hxg4 35. Nd4 Qb7 36. Nc6 Re8 37. e6 Qb5 38. Qg5 fxe6 39. Rxe6 Qb3 40. Qd2
Nxb2 41. Nxb2 c3 42. Qd3 Qa2 43. Qc4 Ra8 44. Nxe7+ Kh8 45. Qxg4 Qxb2+ 46. Kh3
Qb1 47. Qh5+ Qh7 48. Ng6+ Kg8 49. Ne7+ Kh8 50. Qxh7+ Kxh7 51. Rc6 Ra7 52. d6
Rd7 53. Nf5 Be5 54. Rc5 Bxd6 55. Nxd6 Rxd6 56. Rxc3 Ra6 57. Rc4 Kg7 58. Kh4 Kh7
59. Rc5 Kg7 60. g4 Kh7 61. Rb5 Kg7 62. Kg5 Kh7 63. Rb7+ Kh8 64. Rf7 Kg8 65. Rf6
Ra4 66. Rb6 Kg7 67. Rb7+ Kg8 68. Kh5 Ra6 69. g5 Kh8 70. g6 Ra1 71. Rb4 Rh1+ 72.
Kg5 Rg1+ 73. Kf5 Rf1+ 74. Rf4 Rxf4+ 75. Kxf4 Kg7 76. Kg5 Kg8 77. g7 Kxg7
1/2-1/2